000 00679nam a2200229Ia 4500
003 OSt
005 20240702131829.0
008 210716s2014 xx 000 0 und d
020 _a9788126552191
040 _cAIMIT LIBRARY
041 _aeng
082 _a374.22
_21
_bRYAF
100 _aRyan, Frank.
_9172258
245 _aWillpower for dummies /
_cBy Frank Ryan.
250 _a1st ed.
260 _aNew Delhi ;
_bWiley India Pvt Ltd ,
_c2014.
300 _axii,203p. ;
_bPB
_c22 cm
650 _aTaking seven steps to improved willpower
_9172259
650 _aFollowing up for success
_9172260
650 _aThe part of tens
_9172261
942 _2ddc
_cBK
_e1st
_k374.22 RYAF
999 _c208830
_d208830